Provincias de Chile - Estadísticas

Estadísticas generales
  • Esta prueba ha sido intentada 228 veces
  • La puntuación promedio es 30 de 56
Estadísticas de respuestas
Región Provincia % Correcto
Metropolitana de Santiago Santiago
90%
Arica y Parinacota Arica
89%
Arica y Parinacota Parinacota
84%
Valparaíso Valparaíso
84%
Antofagasta Antofagasta
82%
Tarapacá Iquique
75%
Maule Talca
70%
Biobío Concepción
68%
Atacama Copiapó
66%
Los Ríos Valdivia
66%
Los Lagos Chiloé
63%
Coquimbo Elqui
61%
Metropolitana de Santiago Maipo
61%
Valparaíso San Antonio
61%
Magallanes y la Antártica Chilena Antártica Chilena
60%
Metropolitana de Santiago Melipilla
59%
Valparaíso Los Andes
58%
Antofagasta El Loa
57%
Aysén del General Carlos Ibáñez del Campo Aysén
56%
Maule Curicó
56%
Magallanes y la Antártica Chilena Magallanes
56%
Los Lagos Osorno
56%
Valparaíso San Felipe de Aconcagua
56%
Biobío Biobío
53%
Metropolitana de Santiago Cordillera
53%
Valparaíso Isla de Pascua
52%
Maule Linares
52%
Magallanes y la Antártica Chilena Tierra del Fuego
52%
Metropolitana de Santiago Chacabuco
51%
Antofagasta Tocopilla
51%
Valparaíso Marga Marga
50%
Valparaíso Quillota
50%
Biobío Arauco
49%
Atacama Chañaral
49%
Metropolitana de Santiago Talagante
49%
Aysén del General Carlos Ibáñez del Campo Coyhaique
48%
Tarapacá Tamarugal
48%
Coquimbo Limarí
47%
Valparaíso Petorca
47%
Atacama Huasco
46%
Los Lagos Llanquihue
46%
Libertador General Bernardo O'Higgins Cachapoal
45%
Coquimbo Choapa
45%
Araucanía Malleco
45%
Maule Cauquenes
42%
Araucanía Cautín
40%
Libertador General Bernardo O'Higgins Colchagua
40%
Los Lagos Palena
40%
Libertador General Bernardo O'Higgins Cardenal Caro
39%
Ñuble Diguillín
39%
Los Ríos Ranco
39%
Magallanes y la Antártica Chilena Última Esperanza
39%
Ñuble Itata
37%
Aysén del General Carlos Ibáñez del Campo General Carrera
32%
Aysén del General Carlos Ibáñez del Campo Capitán Prat
31%
Ñuble Punilla
30%
No se encontraron pruebas coincidentes
Distribución de puntuación
Porcentaje de gente con cada puntuación
Porcentaje por número respondido
Historial de tus puntuaciones
No has intentado esta prueba.